Developing world agriculture (Record no. 63484)
[ view plain ]
| 000 -LEADER | |
|---|---|
| fixed length control field | 00707nam a2200157 a 4500 |
| 008 - FIXED-LENGTH DATA ELEMENTS--GENERAL INFORMATION | |
| fixed length control field | 120416s1991 ||||||||||||||||| || u |
| 050 ## - LIBRARY OF CONGRESS CALL NUMBER | |
| Classification number | S 496 Dev |
| 100 ## - MAIN ENTRY--PERSONAL NAME | |
| Personal name | Dr |
| 245 10 - TITLE STATEMENT | |
| Title | Developing world agriculture |
| Statement of responsibility, etc. | edited by Dr. A. Speedy |
| 260 ## - PUBLICATION, DISTRIBUTION, ETC. | |
| Place of publication, distribution, etc. | Oxford |
| Name of publisher, distributor, etc. | Grosvenor Press International |
| Date of publication, distribution, etc. | 1991 |
| 300 ## - PHYSICAL DESCRIPTION | |
| Extent | 256p. : ill |
| 350 ## - | |
| -- | 0.00 |
| 700 ## - ADDED ENTRY--PERSONAL NAME | |
| Personal name | Speedy, A |
| 995 ## - | |
| -- | KAPASA MAKASA LIBRARY OPEN ACCESS |
| -- | 0.00 |
| -- | 722714 |
| -- | CBU-KAPASA MAKASA LIBRARY (Chinsali) |
| -- | 2 |
| -- | 8.95 |
| -- | S 496 Dev |
| -- | 1 |
| -- | AVAILABLE |
| -- | 025555 |
| -- | Kapasa Makasa Library Open Acess Collection |
| 995 ## - | |
| -- | MAIN LIBRARY OPEN ACCESS |
| -- | 0.00 |
| -- | 722715 |
| -- | CBU-MAIN LIBRARY (Kitwe) |
| -- | 1 |
| -- | 8.95 |
| -- | S 496 Dev |
| -- | 2 |
| -- | AVAILABLE |
| -- | 025558 |
| -- | Main Library Open Access Collection |
| 999 ## - | |
| -- | 63484 |
| -- | 63484 |
| Withdrawn status | Lost status | Source of classification or shelving scheme | Damaged status | Not for loan | Permanent Location | Current Location | Shelving location | Date acquired | Total Checkouts | Full call number | Barcode | Date last seen | Price effective from | Koha item type |
|---|---|---|---|---|---|---|---|---|---|---|---|---|---|---|
| CBU-MAIN LIBRARY, KITWE. | CBU-MAIN LIBRARY, KITWE. | 12/24/2022 | S 496 Dev | 025558 | 12/24/2022 | 12/24/2022 | MONOGRAPH |